Viac ako 80 percent odborárov z VSŽ Košice vystúpilo z KOVO

Bibliographic Details
Main Author: (r) (Author)
Corporate Authors: Východoslovenské železiarne (Košice, Slovensko) (Author), Odborový zväz KOVO (Bratislava, Slovensko) (Author)
Format: Article
Language:Slovak
Subjects:

MARC

LEADER 00000nab a2200000 a 4500
001 vtls000922470
003 SK-MaSNL
005 20260304175545.0
008 040720e19961203xo 0 slo
035 |a KE31347 
040 |a KEVKJB  |b slo  |c KEVKJB  |e AACR2 
041 0 |a slo 
044 |a xo  |c SK 
080 |a 669.1  |2 1981 
080 |a 331.881  |2 1981 
100 0 |a (r)  |4 aut  |9 636179 
245 1 0 |a Viac ako 80 percent odborárov z VSŽ Košice vystúpilo z KOVO 
610 2 7 |a Východoslovenské železiarne (Košice, Slovensko)  |2 KEVKJB 
610 2 7 |a Odborový zväz KOVO (Bratislava, Slovensko)  |2 KEVKJB  |9 258673 
650 0 7 |a základňa členská  |2 KEVKJB  |9 1198434 
650 0 7 |a vystúpenie z OZ KOVO  |2 KEVKJB  |9 887614 
650 0 7 |a informácie  |2 KEVKJB  |9 1285 
651 7 |a Košice (Slovensko)  |2 KEVKJB  |9 18694 
651 7 |a KE,  |2 KEVKJB  |9 877256 
655 7 |a periodikum  |2 snkbucl  |9 29553 
710 2 |a Východoslovenské železiarne (Košice, Slovensko)  |4 aut 
710 2 |a Odborový zväz KOVO (Bratislava, Slovensko)  |4 aut  |9 258673 
773 0 8 |t Sme  |g Roč. 4, č.282, 3.12.1996, s. 2 
852 |a ZVYKNI  |b KIS3GCP 
999 |c 3014130  |d 3016060